000 00795nam a2200241 a 4500
001 000023178
005 20200930022035.0
008 101129s1980 sp a r 000 | spa d
020 _a8472141225
040 _aDO-SdBNP
_bspa
_cBNPHU
082 _axxx
_bD186u
100 _aDaniels, Farrington
_947719
245 1 0 _aUso directo de la energía solar /
_cFarrington Daniels ; traducción de Enrique Zoido.
260 _aMadrid :
_bBlume,
_c1980.
300 _axiv, 305 p. :
_ail. ;
_c21 cm.
490 _aEnergía, Clima y Diseño
500 _aIncluye índice alfabético
500 _aIncluye lista de la colección
534 _aTítulo original :
_tDirect use of the sun's energy.
700 1 _aZoido, Enrique
_etr.
_947720
830 0 _aEnergía, Clima y Diseño
_947721
049 _aBNGR
999 _c22675
_d22675